MARC details
| 000 -CABECERA |
| campo de control de longitud fija |
01063nam a2200301 a 4500 |
| 001 - NÚMERO DE CONTROL |
| campo de control |
000024245 |
| 005 - FECHA Y HORA DE LA ÚLTIMA TRANSACCIÓN |
| campo de control |
20260202095302.0 |
| 008 - DATOS DE LONGITUD FIJA--INFORMACIÓN GENERAL |
| campo de control de longitud fija |
110125s1988 xxu r 000 0 spa d |
| 020 ## - NÚMERO INTERNACIONAL ESTÁNDAR DEL LIBRO |
| ISBN cancelado o inválido |
0311420754 |
| 040 ## - FUENTE DE LA CATALOGACIÓN |
| Centro catalogador/agencia de origen |
DO-SdBNP |
| Lengua de catalogación |
spa |
| Centro/agencia transcriptor |
BNPHU |
| 041 17 - CÓDIGO DE LENGUA |
| Código de lengua del texto/banda sonora o título independiente |
spa |
| Código de lengua original |
eng |
| Fuente del código |
Código de idioma MARC |
| 082 ## - NÚMERO DE LA CLASIFICACIÓN DECIMAL DEWEY |
| Número de clasificación |
248.4 |
| Número de documento/Ítem |
L399p |
| 049 ## - FONDOS LOCALES (OCLC) |
| Fondos de biblioteca |
BNGR |
| 100 1# - ENTRADA PRINCIPAL--NOMBRE DE PERSONA |
| Nombre de persona |
Lavender, Lucille |
| 9 (RLIN) |
49772 |
| 240 10 - TÍTULO UNIFORME |
| Título uniforme |
The cry, too! |
| Lenguaje de la obra |
Español. |
| 245 10 - MENCIÓN DE TÍTULO |
| Título |
Los pastores también lloran / |
| Mención de responsabilidad, etc. |
Lucille Lavender ; traducido por Josie H. de Smith ; prefacio José Luis Martínez. |
| 260 ## - PUBLICACIÓN, DISTRIBUCIÓN, ETC. |
| Lugar de publicación, distribución, etc. |
Texas (Estados Unidos) : |
| Nombre del editor, distribuidor, etc. |
Casa Bautista de Publicaciones, |
| Fecha de publicación, distribución, etc. |
1988. |
| 300 ## - DESCRIPCIÓN FÍSICA |
| Extensión |
136 P. ; |
| Dimensiones |
22 cm. |
| 490 1# - MENCIÓN DE SERIE |
| Mención de serie |
Casa Bautista de Publicaciones |
| Designación de volumen o secuencia |
42075 |
| 534 ## - NOTA SOBRE LA VERSIÓN ORIGINAL |
| Encabezamiento principal del original |
Título original: |
| Mención de título del original |
The cry, too! |
| 650 #0 - PUNTO DE ACCESO ADICIONAL DE MATERIA--TÉRMINO DE MATERIA |
| Término de materia o nombre geográfico como elemento de entrada |
Vida espiritual |
| 9 (RLIN) |
268 |
| 650 #0 - PUNTO DE ACCESO ADICIONAL DE MATERIA--TÉRMINO DE MATERIA |
| Término de materia o nombre geográfico como elemento de entrada |
Vida cristiana |
| 9 (RLIN) |
668 |
| 650 #0 - PUNTO DE ACCESO ADICIONAL DE MATERIA--TÉRMINO DE MATERIA |
| Término de materia o nombre geográfico como elemento de entrada |
Espiritualidad |
| 9 (RLIN) |
613 |
| 650 #4 - PUNTO DE ACCESO ADICIONAL DE MATERIA--TÉRMINO DE MATERIA |
| Término de materia o nombre geográfico como elemento de entrada |
Ejercicios espirituales |
| 9 (RLIN) |
8168 |
| 700 1# - PUNTO DE ACCESO ADICIONAL--NOMBRE DE PERSONA |
| Nombre de persona |
Smith, Josie H. de |
| Término indicativo de función/relación |
tr. |
| 9 (RLIN) |
49773 |
| 700 1# - PUNTO DE ACCESO ADICIONAL--NOMBRE DE PERSONA |
| Nombre de persona |
Martínez, José Luis |
| 9 (RLIN) |
34390 |
| 830 #0 - PUNTO DE ACCESO ADICIONAL DE SERIE-TÍTULO UNIFORME |
| Título uniforme |
Casa Bautista de Publicaciones ; |
| Designación de volumen o secuencia |
42075 |
| 9 (RLIN) |
34391 |